| 000 | 00647cam a2200193 4500 | ||
|---|---|---|---|
| 001 | D2342 | ||
| 008 | 090401t1945 xxu||||| |||| 00| 0 eng d | ||
| 035 | _a(Sirsi) u68652 | ||
| 041 | _aeng | ||
| 050 | _a692.3 | ||
| 110 |
_aThe Chartered Surveyors` Institution _92150 |
||
| 245 | _aCode for the measurement of building work in small dwelling houses, authorised by agreement between the Institution and The National Federation of Building Trades Employers | ||
| 260 |
_aLondon _bThe Chartered Surveyors` Institution/NFB _c1945 |
||
| 300 | _a32p. 21cm | ||
| 350 | _a0.25 | ||
| 520 | _aFiled at SMM 1945/1B | ||
| 942 | _n0 | ||
| 948 | _c04/03/1997 | ||
| 999 |
_c95127 _d95127 |
||